<?xml version="1.0" encoding="UTF-8"?>
<record
    xmlns:xsi="http://www.w3.org/2001/XMLSchema-instance"
    xsi:schemaLocation="http://www.loc.gov/MARC21/slim http://www.loc.gov/standards/marcxml/schema/MARC21slim.xsd"
    xmlns="http://www.loc.gov/MARC21/slim">

  <leader>00828nam a22001577a 4500</leader>
  <controlfield tag="003">OSt</controlfield>
  <controlfield tag="005">20151008092118.0</controlfield>
  <controlfield tag="008">151008b        xxu||||| |||| 00| 0 eng d</controlfield>
  <datafield tag="040" ind1=" " ind2=" ">
    <subfield code="c">RUA</subfield>
  </datafield>
  <datafield tag="082" ind1=" " ind2=" ">
    <subfield code="a">AVM UM 2007 B079 Or.1</subfield>
  </datafield>
  <datafield tag="100" ind1=" " ind2=" ">
    <subfield code="9">2336</subfield>
    <subfield code="a">UM, SITHA.</subfield>
  </datafield>
  <datafield tag="245" ind1=" " ind2=" ">
    <subfield code="a">study on digestivility of local crossbreed pigs using water spinach and mulberry leaves by additon of energy source at celagrid (&#x1780;&#x17B6;&#x179A;&#x179F;&#x17B7;&#x1780;&#x17D2;&#x179F;&#x17B6;&#x17A2;&#x17C6;&#x1796;&#x17B8;&#x1780;&#x17B6;&#x179A;&#x179A;&#x17C6;&#x179B;&#x17B6;&#x1799;&#x17A2;&#x17B6;&#x17A0;&#x17B6;&#x179A;&#x179A;&#x1794;&#x179F;&#x17CB;&#x1787;&#x17D2;&#x179A;&#x17BC;&#x1780;&#x1780;&#x17BC;&#x1793;&#x1780;&#x17B6;&#x178F;&#x17CB;&#x1780;&#x17D2;&#x1793;&#x17BB;&#x1784;&#x179F;&#x17D2;&#x179A;&#x17BB;&#x1780;&#x178A;&#x17C2;&#x179B;&#x1794;&#x17D2;&#x179A;&#x17BE;&#x1794;&#x17D2;&#x179A;&#x17B6;&#x179F;&#x17CB;&#x178F;&#x17D2;&#x179A;&#x1780;&#x17BD;&#x1793; &#x1793;&#x17B7;&#x1784; &#x179F;&#x17D2;&#x179B;&#x17B9;&#x1780;&#x1798;&#x1793;&#x178A;&#x17C4;&#x1799;&#x1780;&#x17B6;&#x179A;&#x1794;&#x1793;&#x17D2;&#x1790;&#x17C2;&#x1798;&#x1785;&#x17C6;&#x178E;&#x17B8;&#x1794;&#x17D2;&#x179A;&#x1797;&#x1796;&#x1790;&#x17B6;&#x1798;&#x1796;&#x179B;&#x1793;&#x17C5; celagrid)</subfield>
  </datafield>
  <datafield tag="260" ind1=" " ind2=" ">
    <subfield code="a">Phnom Penh</subfield>
    <subfield code="b">RUA</subfield>
    <subfield code="c">2007</subfield>
  </datafield>
  <datafield tag="300" ind1=" " ind2=" ">
    <subfield code="a">ix, 50p.</subfield>
    <subfield code="b">ill.</subfield>
    <subfield code="c">29cm.</subfield>
  </datafield>
  <datafield tag="942" ind1=" " ind2=" ">
    <subfield code="2">ddc</subfield>
    <subfield code="c">AVM</subfield>
  </datafield>
  <datafield tag="999" ind1=" " ind2=" ">
    <subfield code="c">2202</subfield>
    <subfield code="d">2202</subfield>
  </datafield>
  <datafield tag="952" ind1=" " ind2=" ">
    <subfield code="0">0</subfield>
    <subfield code="1">0</subfield>
    <subfield code="2">ddc</subfield>
    <subfield code="4">0</subfield>
    <subfield code="6">AVM_UM_2007_000000000000000_B079_OR_1</subfield>
    <subfield code="7">0</subfield>
    <subfield code="9">9106</subfield>
    <subfield code="a">LBB</subfield>
    <subfield code="b">LBB</subfield>
    <subfield code="c">B079</subfield>
    <subfield code="d">2015-10-08</subfield>
    <subfield code="l">1</subfield>
    <subfield code="o">AVM UM 2007 B079 Or.1</subfield>
    <subfield code="p">A063645</subfield>
    <subfield code="r">2019-01-23</subfield>
    <subfield code="s">2018-12-28</subfield>
    <subfield code="w">2015-10-08</subfield>
    <subfield code="y">AVM</subfield>
  </datafield>
  <datafield tag="952" ind1=" " ind2=" ">
    <subfield code="0">0</subfield>
    <subfield code="1">0</subfield>
    <subfield code="2">ddc</subfield>
    <subfield code="4">0</subfield>
    <subfield code="6">AVM_UM_2007_000000000000000_B079_OR_2</subfield>
    <subfield code="7">0</subfield>
    <subfield code="9">9107</subfield>
    <subfield code="a">LBB</subfield>
    <subfield code="b">LBB</subfield>
    <subfield code="c">B079</subfield>
    <subfield code="d">2015-10-08</subfield>
    <subfield code="l">2</subfield>
    <subfield code="o">AVM UM 2007 B079 Or.2</subfield>
    <subfield code="p">RUA025138</subfield>
    <subfield code="r">2020-01-27</subfield>
    <subfield code="s">2019-12-27</subfield>
    <subfield code="w">2015-10-08</subfield>
    <subfield code="y">AVM</subfield>
  </datafield>
  <datafield tag="952" ind1=" " ind2=" ">
    <subfield code="0">0</subfield>
    <subfield code="1">0</subfield>
    <subfield code="2">ddc</subfield>
    <subfield code="4">0</subfield>
    <subfield code="6">AVM_UM_2007_000000000000000_B079_OR_3</subfield>
    <subfield code="7">0</subfield>
    <subfield code="9">9108</subfield>
    <subfield code="a">LBB</subfield>
    <subfield code="b">LBB</subfield>
    <subfield code="c">B079</subfield>
    <subfield code="d">2015-10-08</subfield>
    <subfield code="l">1</subfield>
    <subfield code="o">AVM UM 2007 B079 Or.3</subfield>
    <subfield code="p">A42233</subfield>
    <subfield code="r">2017-02-22</subfield>
    <subfield code="s">2017-01-25</subfield>
    <subfield code="w">2015-10-08</subfield>
    <subfield code="y">AVM</subfield>
  </datafield>
  <datafield tag="952" ind1=" " ind2=" ">
    <subfield code="0">0</subfield>
    <subfield code="1">0</subfield>
    <subfield code="2">ddc</subfield>
    <subfield code="4">0</subfield>
    <subfield code="6">AVM_UM_2007_000000000000000_B079_OR_4</subfield>
    <subfield code="7">0</subfield>
    <subfield code="9">9109</subfield>
    <subfield code="a">LBB</subfield>
    <subfield code="b">LBB</subfield>
    <subfield code="c">B079</subfield>
    <subfield code="d">2015-10-08</subfield>
    <subfield code="l">1</subfield>
    <subfield code="o">AVM UM 2007 B079 Or.4</subfield>
    <subfield code="p">RUA025467</subfield>
    <subfield code="r">2018-07-24</subfield>
    <subfield code="s">2018-07-11</subfield>
    <subfield code="w">2015-10-08</subfield>
    <subfield code="y">AVM</subfield>
  </datafield>
  <datafield tag="952" ind1=" " ind2=" ">
    <subfield code="0">0</subfield>
    <subfield code="1">0</subfield>
    <subfield code="2">ddc</subfield>
    <subfield code="4">0</subfield>
    <subfield code="6">AVM_UM_2007_000000000000000_B079_OR_5</subfield>
    <subfield code="7">0</subfield>
    <subfield code="9">9110</subfield>
    <subfield code="a">LBB</subfield>
    <subfield code="b">LBB</subfield>
    <subfield code="c">B079</subfield>
    <subfield code="d">2015-10-08</subfield>
    <subfield code="l">2</subfield>
    <subfield code="o">AVM UM 2007 B079 Or.5</subfield>
    <subfield code="p">RUA025484</subfield>
    <subfield code="r">2017-02-15</subfield>
    <subfield code="s">2016-04-04</subfield>
    <subfield code="w">2015-10-08</subfield>
    <subfield code="y">AVM</subfield>
  </datafield>
  <datafield tag="952" ind1=" " ind2=" ">
    <subfield code="0">0</subfield>
    <subfield code="1">0</subfield>
    <subfield code="2">ddc</subfield>
    <subfield code="4">0</subfield>
    <subfield code="6">AVM_UM_2007_000000000000000_B079_OR_6</subfield>
    <subfield code="7">0</subfield>
    <subfield code="9">9111</subfield>
    <subfield code="a">LBB</subfield>
    <subfield code="b">LBB</subfield>
    <subfield code="c">B079</subfield>
    <subfield code="d">2015-10-08</subfield>
    <subfield code="o">AVM UM 2007 B079 Or.6</subfield>
    <subfield code="p">RUA020013</subfield>
    <subfield code="r">2015-10-08</subfield>
    <subfield code="w">2015-10-08</subfield>
    <subfield code="y">AVM</subfield>
  </datafield>
  <datafield tag="952" ind1=" " ind2=" ">
    <subfield code="0">0</subfield>
    <subfield code="1">0</subfield>
    <subfield code="2">ddc</subfield>
    <subfield code="4">0</subfield>
    <subfield code="6">AVM_UM_2007_000000000000000_B079_OR_7</subfield>
    <subfield code="7">0</subfield>
    <subfield code="9">9112</subfield>
    <subfield code="a">LBB</subfield>
    <subfield code="b">LBB</subfield>
    <subfield code="c">B079</subfield>
    <subfield code="d">2015-10-08</subfield>
    <subfield code="l">1</subfield>
    <subfield code="o">AVM UM 2007 B079 Or.7</subfield>
    <subfield code="p">RUA015171</subfield>
    <subfield code="r">2019-01-21</subfield>
    <subfield code="s">2019-01-04</subfield>
    <subfield code="w">2015-10-08</subfield>
    <subfield code="y">AVM</subfield>
  </datafield>
  <datafield tag="952" ind1=" " ind2=" ">
    <subfield code="0">0</subfield>
    <subfield code="1">0</subfield>
    <subfield code="2">ddc</subfield>
    <subfield code="4">0</subfield>
    <subfield code="6">AVM_UM_2007_000000000000000_B079_OR_8</subfield>
    <subfield code="7">0</subfield>
    <subfield code="9">9113</subfield>
    <subfield code="a">LBB</subfield>
    <subfield code="b">LBB</subfield>
    <subfield code="c">B079</subfield>
    <subfield code="d">2015-10-08</subfield>
    <subfield code="l">2</subfield>
    <subfield code="o">AVM UM 2007 B079 Or.8</subfield>
    <subfield code="p">RUA009254</subfield>
    <subfield code="r">2019-11-25</subfield>
    <subfield code="s">2019-11-13</subfield>
    <subfield code="w">2015-10-08</subfield>
    <subfield code="y">AVM</subfield>
  </datafield>
</record>
